African development review = (Record no. 3494)

MARC details
000 -LEADER
fixed length control field 03411cas a2200853 a 4500
001 - CONTROL NUMBER
control field 11370344
003 - CONTROL NUMBER IDENTIFIER
control field OSt
005 - DATE AND TIME OF LATEST TRANSACTION
control field 20230703161213.0
008 - FIXED-LENGTH DATA ELEMENTS--GENERAL INFORMATION
fixed length control field 900312c19899999enkqr p 0 a0eng c
010 ## - LIBRARY OF CONGRESS CONTROL NUMBER
LC control number 90641613
015 ## - NATIONAL BIBLIOGRAPHY NUMBER
National bibliography number 016118901
Source dnb
016 7# - NATIONAL BIBLIOGRAPHIC AGENCY CONTROL NUMBER
Record control number 016118901
Source DE-101
016 7# - NATIONAL BIBLIOGRAPHIC AGENCY CONTROL NUMBER
Record control number 1081010-9
Source DE-600
016 7# - NATIONAL BIBLIOGRAPHIC AGENCY CONTROL NUMBER
Record control number 101085138
Source DNLM
016 7# - NATIONAL BIBLIOGRAPHIC AGENCY CONTROL NUMBER
Record control number 012431940
Source Uk
020 ## - INTERNATIONAL STANDARD BOOK NUMBER
International Standard Book Number 10176772
022 ## - INTERNATIONAL STANDARD SERIAL NUMBER
International Standard Serial Number 1017-6772
ISSN-L 1017-6772
Source 0
035 ## - SYSTEM CONTROL NUMBER
System control number (OCoLC)ocm21202052
040 ## - CATALOGING SOURCE
Original cataloging agency UIU
Language of cataloging eng
Transcribing agency UIU
Modifying agency DLC
-- MYG
-- COO
-- NST
-- WAU
-- IUL
-- GUA
-- OCL
-- SYS
-- CUS
-- NLM
-- MYG
-- GUA
-- IUL
-- NLGGC
-- NYDWH
-- WAU
-- CLU
-- OCLCQ
-- GBVCP
-- DLC
-- UKMGB
-- CLU
-- OCLCQ
-- OCLCA
-- OCLCF
-- BEDGE
-- OCLCO
-- HLS
-- L2U
-- OCLCQ
-- PAU
-- CEF
-- PUL
041 0# - LANGUAGE CODE
Language code of text/sound track or separate title eng
-- fre
042 ## - AUTHENTICATION CODE
Authentication code pcc
043 ## - GEOGRAPHIC AREA CODE
Geographic area code f------
082 00 - DEWEY DECIMAL CLASSIFICATION NUMBER
Classification number 338.96005
Item number ADR
210 0# - ABBREVIATED TITLE
Abbreviated title Afr. dev. rev.
Qualifying information (Print)
222 #0 - KEY TITLE
Key title African development review
Qualifying information (Print)
245 00 - TITLE STATEMENT
Title African development review =
Remainder of title Revue africaine de développement.
246 31 - VARYING FORM OF TITLE
Title proper/short title Revue africaine de développement
260 ## - PUBLICATION, DISTRIBUTION, ETC. (IMPRINT)
Place of publication, distribution, etc. [Abidjan, Ivory Coast] :
Name of publisher, distributor, etc. African Development Bank,
Date of publication, distribution, etc. 1989-
300 ## - PHYSICAL DESCRIPTION
Extent volumes ;
Dimensions 26 cm
310 ## - CURRENT PUBLICATION FREQUENCY
Current publication frequency Four issues a year,
Date of current publication frequency 2010-
321 ## - FORMER PUBLICATION FREQUENCY
Former publication frequency Semiannual,
Dates of former publication frequency 1989-2003
321 ## - FORMER PUBLICATION FREQUENCY
Former publication frequency Three issues a year,
Dates of former publication frequency 2004-2009
336 ## - CONTENT TYPE
Content type term text
Content type code txt
Source rdacontent
337 ## - MEDIA TYPE
Media type term unmediated
Media type code n
Source rdamedia
338 ## - CARRIER TYPE
Carrier type term volume
Carrier type code nc
Source rdacarrier
362 0# - DATES OF PUBLICATION AND/OR SEQUENTIAL DESIGNATION
Dates of publication and/or sequential designation Vol. 1, no. 1 (June 1989)-
500 ## - GENERAL NOTE
General note Title from cover.
500 ## - GENERAL NOTE
General note Published: Oxford : Wiley-Blackwell, <2008->
500 ## - GENERAL NOTE
General note Includes tables.
520 ## - SUMMARY, ETC.
Summary, etc. "A journal of the African Development Bank for the study and analysis of development issues in Africa."
546 ## - LANGUAGE NOTE
Language note In English and French, with summaries in English and French.
588 ## - SOURCE OF DESCRIPTION NOTE
Source of description note Latest issue consulted: Vol. 22, no. 4 (Dec. 2010).
648 #7 - SUBJECT ADDED ENTRY--CHRONOLOGICAL TERM
Chronological term Since 1960
Source of heading or term fast
650 #7 - SUBJECT ADDED ENTRY--TOPICAL TERM
Topical term or geographic name as entry element Conditions économiques.
Source of heading or term eclas
650 #7 - SUBJECT ADDED ENTRY--TOPICAL TERM
Topical term or geographic name as entry element Politique économique.
Source of heading or term eclas
650 #7 - SUBJECT ADDED ENTRY--TOPICAL TERM
Topical term or geographic name as entry element Publications périodiques.
Source of heading or term eclas
650 #7 - SUBJECT ADDED ENTRY--TOPICAL TERM
Topical term or geographic name as entry element Economic history.
Source of heading or term fast
Authority record control number (OCoLC)fst00901974
650 #7 - SUBJECT ADDED ENTRY--TOPICAL TERM
Topical term or geographic name as entry element Economic policy.
Source of heading or term fast
Authority record control number (OCoLC)fst00902025
650 17 - SUBJECT ADDED ENTRY--TOPICAL TERM
Topical term or geographic name as entry element Economische ontwikkeling.
Source of heading or term gtt
650 #7 - SUBJECT ADDED ENTRY--TOPICAL TERM
Topical term or geographic name as entry element Volkswirtschaft.
Source of heading or term stw
650 #7 - SUBJECT ADDED ENTRY--TOPICAL TERM
Topical term or geographic name as entry element Wirtschaftslage.
Source of heading or term stw
650 #7 - SUBJECT ADDED ENTRY--TOPICAL TERM
Topical term or geographic name as entry element Entwicklung.
Source of heading or term stw
650 #7 - SUBJECT ADDED ENTRY--TOPICAL TERM
Topical term or geographic name as entry element Afrika.
Source of heading or term stw
650 17 - SUBJECT ADDED ENTRY--TOPICAL TERM
Topical term or geographic name as entry element ECONOMIC CONDITIONS.
Source of heading or term unbist
650 17 - SUBJECT ADDED ENTRY--TOPICAL TERM
Topical term or geographic name as entry element ECONOMIC DEVELOPMENT.
Source of heading or term unbist
650 17 - SUBJECT ADDED ENTRY--TOPICAL TERM
Topical term or geographic name as entry element AFRICA.
Source of heading or term unbist
651 #0 - SUBJECT ADDED ENTRY--GEOGRAPHIC NAME
Geographic name Africa
General subdivision Economic policy
Form subdivision Periodicals.
651 #0 - SUBJECT ADDED ENTRY--GEOGRAPHIC NAME
Geographic name Africa
General subdivision Economic conditions
Chronological subdivision 1960-
Form subdivision Periodicals.
651 #7 - SUBJECT ADDED ENTRY--GEOGRAPHIC NAME
Geographic name Afrique.
Source of heading or term eclas
651 #7 - SUBJECT ADDED ENTRY--GEOGRAPHIC NAME
Geographic name Africa.
Source of heading or term fast
Authority record control number (OCoLC)fst01239509
653 ## - INDEX TERM--UNCONTROLLED
Uncontrolled term Development policy --
-- Africa --
-- Periodicals
653 ## - INDEX TERM--UNCONTROLLED
Uncontrolled term Social policy --
-- Africa --
-- Periodicals
653 ## - INDEX TERM--UNCONTROLLED
Uncontrolled term Economic development --
-- Africa --
-- Periodicals
655 #7 - INDEX TERM--GENRE/FORM
Genre/form data or focus term Periodicals.
Source of term fast
Authority record control number (OCoLC)fst01411641
655 #7 - INDEX TERM--GENRE/FORM
Genre/form data or focus term Periodicals.
Source of term lcgft
Authority record control number http://id.loc.gov/authorities/genreForms/gf2014026139
-- (uri) http://id.loc.gov/authorities/genreForms/gf2014026139
710 2# - ADDED ENTRY--CORPORATE NAME
Corporate name or jurisdiction name as entry element African Development Bank.
776 08 - ADDITIONAL PHYSICAL FORM ENTRY
Relationship information Online version:
Title African development review (Online)
International Standard Serial Number 1467-8268
Record control number (DLC) 2005233990
-- (OCoLC)42209070
906 ## - LOCAL DATA ELEMENT F, LDF (RLIN)
a 7
b cbc
c serials
d 3
e ncip
f 19
g n-oclcserc
942 ## - ADDED ENTRY ELEMENTS (KOHA)
Source of classification or shelving scheme Dewey Decimal Classification
Koha item type Books
Holdings
Withdrawn status Lost status Source of classification or shelving scheme Damaged status Not for loan Home library Current library Date acquired Total Checkouts Full call number Barcode Date last seen Price effective from Koha item type
    Dewey Decimal Classification     County Hall Archives County Hall Archives 07/03/2023   338.96005 ADR 10009590 07/03/2023 07/03/2023 Books
    Dewey Decimal Classification     County Hall Archives County Hall Archives 07/03/2023   338.96005 ADR 10009589 07/03/2023 07/03/2023 Books
LIBRARY OPENING HOURS

When the Parliament is sitting: 8.00a.m - 7.00p.m or until the house adjourns
Mondays and Fridays and when the House is on Recess:  8.00a.m - 5.00p.m
Closed on Weekends and Public Holidays

Online Public Access Catalog (OPAC)
Website: http://www.parliament.go.ke
Bunge Library: https://libraryir.parliament.go.ke
Contact: library@parliament.go.ke | Tel no: (254-2)2221291 or 2848000 Ext 5043